| 000 | 00859nam a22002057a 4500 | ||
|---|---|---|---|
| 999 |
_c19326 _d19326 |
||
| 003 | AR-CdUCM | ||
| 008 | 190517b ||||| |||| 00| 0 spa d | ||
| 040 |
_aMUNICIPALIDAD PROVINCIAL DEL CUSCO _cBIBLIOTECA MUNICIPAL DEL CUSCO |
||
| 082 |
_29ed. _a344.946 / _bC93 |
||
| 100 |
_aCuello Calón , Eugenio _940603 |
||
| 245 |
_aDerecho penal : _bconforme al código penal, texto refundido de 1944 / |
||
| 260 |
_aBarcelona : _bBosch, _c1948. |
||
| 300 |
_a1t. páginas ; _c22.5 cm. |
||
| 505 | _aContenido: t.1. Congresos penitenciarios -- Conocimiento de la ley penal -- Consentimiento del ofendido -- t.2. Delitos contra la seguridad exterior de estado -- Delitos contra la seguridad interior del estado ... | ||
| 650 |
_aDerecho penal _95831 |
||
| 650 |
_aLegislación _92962 |
||
| 650 |
_aEspaña _9176 |
||
| 942 |
_2ddc _cLIBROS |
||
| 945 |
_aJavier _d2019-05-22 |
||